| 000 | 00853nam a2200217Ia 4500 | ||
|---|---|---|---|
| 003 | GCL | ||
| 008 | 140319s9999 xx 000 0 ara d | ||
| 040 |
_aGCL / _cGCL |
||
| 082 | 0 | 4 |
_a910.41 _bف ر |
| 100 | 1 | _aابن فضلان : احمد بن فضلان بن العباس بن اسد بن حماه | |
| 245 | 1 | 0 |
_aرسالة ابن فضلان : مبعوث الخليفة العباسى المقتدر الى بلاد الثقالية / _cابن فضلان : احمد بن فضلان بن العباس بن اسد بن حماه |
| 700 | 1 | _aحيدر محمد غيبة | |
| 300 | _a222 ص | ||
| 490 | _a | ||
| 650 | 0 | 4 | _aالتراث العربى |
| 650 | 0 | 4 | _aالرحالة العرب |
| 650 | 0 | 4 | _aالرحلات فى الادب |
| 650 | 0 | 4 | _aالكشوف الجغرافية |
| 650 | 0 | 4 | _aالعالم - وصف ورحلات |
| 942 |
_2ddc _cBK |
||
| 999 |
_c43867 _d43867 |
||